Statistics for Markus Zusak Books

Click here to take the quiz!

General Stats

  • This quiz has been taken 4 times
  • The average score is 4 of 6

Answer Stats

Book namesYear% Correct
Bridge of Clay2018
100%
The Book Thief2005
100%
Fighting Ruben Wolfe2000
50%
The Messenger2002
50%
The Underdog1999
50%
When Dogs Cry2001
25%

Score Distribution

Percentile by Number Answered

Percent of People with Each Score

Your Score History

You have not taken this quiz